Southville International School and Colleges
Your cart is empty.
  • Cart
  • Lists
    Public lists Eva Luna New books Lux_list list_1
    Your lists Log in to create your own lists
  • Log in to your account
  • Your cookies
  • Search history
Southville International School and Colleges
  • Advanced search
  • Recent comments
  • Most popular
  • Libraries

Log in to your account

Log in with GOOGLE


If you do not have an external account, but do have a local account, you can still log in:

  1. Home
  2. MARC view: Basic Business Statistics :
Normal view MARC view ISBD view

Basic Business Statistics : (Record no. 21976)

[ view plain ]
MARC details
000 -LEADER
fixed length control field 00610nam a2200205 a 4500
005 - DATE AND TIME OF LATEST TRANSACTION
control field 20140310183347.0
008 - FIXED-LENGTH DATA ELEMENTS--GENERAL INFORMATION
fixed length control field 070305s19uu xx 00 eng d
020 ## - INTERNATIONAL STANDARD BOOK NUMBER
International Standard Book Number 0131968696
050 ## - LIBRARY OF CONGRESS CALL NUMBER
Classification number HF 1017
Item number .B38 2006
100 ## - MAIN ENTRY--PERSONAL NAME
Personal name Berenson, Mark L.
245 ## - TITLE STATEMENT
Title Basic Business Statistics :
Remainder of title concepts and applications /
260 ## - PUBLICATION, DISTRIBUTION, ETC. (IMPRINT)
Place of publication, distribution, etc Upper Saddle River, New Jersey :
Name of publisher, distributor, etc Prentice Hall,
Date of publication, distribution, etc 2005.
300 ## - PHYSICAL DESCRIPTION
Extent 898 p. :
Other physical details col. ill. ;
Dimensions 28 cm.
650 ## - SUBJECT ADDED ENTRY--TOPICAL TERM
Topical term or geographic name as entry element Business Statistics.
650 ## - SUBJECT ADDED ENTRY--TOPICAL TERM
Topical term or geographic name as entry element Statistics.
700 ## - ADDED ENTRY--PERSONAL NAME
Personal name Levine, David M.
700 ## - ADDED ENTRY--PERSONAL NAME
Personal name Krenbiel, Timothy C.
942 ## - ADDED ENTRY ELEMENTS (KOHA)
Koha item type Books
Source of classification or shelving scheme Library of Congress Classification
Call number prefix Foreign
Holdings
Withdrawn status Lost status Source of classification or shelving scheme Damaged status Home library Current library Shelving location Date acquired Source of acquisition Total Checkouts Full call number Barcode Date last seen Date checked out Copy number Price effective from Koha item type
    Library of Congress Classification   College Library College Library General Circulation Section 03/05/2007 Donation 1 HF 1017 .B38 2006 C8255 05/15/2018 12/17/2014 1 10/10/2013 Books

Basic Business Statistics :

APA

Berenson M. L., Levine D. M. & Krenbiel T. C. (2005). Basic Business Statistics. Upper Saddle River, New Jersey: Prentice Hall.

Chicago

Berenson Mark L, Levine David M and Krenbiel Timothy C. 2005. Basic Business Statistics. Upper Saddle River, New Jersey: Prentice Hall.

Harvard

Berenson M. L., Levine D. M. and Krenbiel T. C. (2005). Basic Business Statistics. Upper Saddle River, New Jersey: Prentice Hall.

MLA

Berenson Mark L, Levine David M and Krenbiel Timothy C. Basic Business Statistics. Upper Saddle River, New Jersey: Prentice Hall. 2005.

  • Place hold
  • Print
  • Cite
  • Add to your cart (remove)
  • Save record
    BIBTEX Dublin Core MARCXML MARC (non-Unicode/MARC-8) MARC (Unicode/UTF-8) MARC (Unicode/UTF-8, Standard) MODS (XML) RIS
  • More searches
    Search for this title in:
    Other Libraries (WorldCat) Other Databases (Google Scholar) Online Stores (Bookfinder.com) Open Library (openlibrary.org)

Exporting to Dublin Core...

SOUTHVILLE LIBRARY

Southville International School and Colleges Library

1281 Tropical Ave. Cor. Luxembourg St., BF Homes International, Las Pinas City

Tel. No. 8256374 / 252358 Loc. 117/146

Powered by Koha